London's three-tier investment market evolution (Record no. 84102)

MARC details
000 -LEADER
fixed length control field 01040cab a22001935a 4500
001 - CONTROL NUMBER
control field L156644
008 - FIXED-LENGTH DATA ELEMENTS--GENERAL INFORMATION
fixed length control field 120618e2012 xxk 000 0 eng d
035 ## - SYSTEM CONTROL NUMBER
System control number (Sirsi) u156644
041 0# - LANGUAGE CODE
Language code of text/sound track or separate title eng
110 2# - MAIN ENTRY--CORPORATE NAME
Corporate name or jurisdiction name as entry element Property Week
9 (RLIN) 1549
245 00 - TITLE STATEMENT
Title London's three-tier investment market evolution
260 ## - PUBLICATION, DISTRIBUTION, ETC.
Date of publication, distribution, etc. 2012
490 #0 - SERIES STATEMENT
Series statement Property Week
Volume/sequential designation 78(24) 15 June 2012, 38(1)
520 ## - SUMMARY, ETC.
Summary, etc. Cushman & Wakefield argues that London has evolved into a three-tier investment market: prime secure income, secondary refurbishments, and medium-term income streams. Prime office yields in London remain stable at around 5% in the City and 4% in the West End. Yields on London secondary property are as much as 500 basis points higher depending on the amount of capital to be spent and the letting risk. In the overall UK market prime yields rose by 0.03% to 5.81% in May. Table covers London and regional prime property comparative yields 2007 to date.
590 ## - LOCAL NOTE (RLIN)
Local note KA
651 #4 - SUBJECT ADDED ENTRY--GEOGRAPHIC NAME
Geographic name United Kingdom
690 ## - LOCAL SUBJECT ADDED ENTRY--TOPICAL TERM (OCLC, RLIN)
Topical term or geographic name as entry element Commercial property
9 (RLIN) 6227
942 ## - ADDED ENTRY ELEMENTS (KOHA)
Suppress in OPAC 0
Holdings
Withdrawn status Lost status Source of classification or shelving scheme Damaged status Not for loan Home library Current library Shelving location Date acquired Total Checkouts Full call number Barcode Date last seen Copy number Price effective from Koha item type
    Dewey Decimal Classification     London London Journal article 17/06/2012   L156644 156644-1001 06/08/2019 1 06/08/2019 Journal article